000 00635nam a22001937a 4500
005 20170713120459.0
010 _aENG-119169
020 _a9788175418080
_c200.00
035 _aEN-102701
037 _bDBAD/PUB
082 _a378.54
100 _aTamanna Khan
245 _aHigher education in globalized era :
_cbyTamanna Khan
_ban Indian experience /
260 _aDelhi
_bShipra Publications
_c2016
270 _aLG-18-19,Pankaj Central Market,I.P.Ext. Patparganj
_bDelhi
_e110092
300 _axiv,218p.
_c23cm(pbk)
500 _aIncludes bibliographical references and index
942 _2ddc
_cEN
_h378.54
_mTAM
999 _c142522
_d142522